Clinical research and regulatory affairs.

Bibliographic Details
Previous Title:Clinical research practices and drug regulatory affairs
Uniform Title:Clinical research and regulatory affairs (Print)
Format: Journal
Language:English
Published: New York, N.Y. : Marcel Dekker, [1992-]
Subjects:
Online Availability: Check for online availability

MARC

Tag First Indicator Second Indicator Subfields
LEADER 00000cas a22000008a 4500
001 in00004476868
005 20191202143422.0
008 911202c19929999nyuqr1p 0 a0eng d
010 |a sn 91007858  
022 0 |a 1060-1333 
035 |a (OCoLC)24877793 
035 |z (UtOrBLW)15301 
035 |a 26380 
037 |b M. Dekker Journals, Box 10018 Church St. Sta., N.Y., NY 10249 
040 |a NSD  |c NSD  |d TMV  |d UtOrBLW 
042 |a nsdp 
049 |a [Shelved] [by Title] TMVM 
060 4 |a x 
130 0 |a Clinical research and regulatory affairs (Print) 
222 0 |a Clinical research and regulatory affairs 
245 1 0 |a Clinical research and regulatory affairs. 
264 1 |a New York, N.Y. :  |b Marcel Dekker,  |c [1992-] 
264 4 |c ©1992- 
300 |a volumes ;  |c 26 cm. 
310 |a Quarterly 
336 |a text  |2 rdacontent  |b txt 
337 |a unmediated  |2 rdamedia 
338 |a volume  |2 rdacarrier  |b nc 
362 0 |a Vol. 9, no. 1- 
500 |a Title from cover. 
530 |a Also available online. 
650 2 |a Drug Industry. 
650 2 |a Legislation, Drug. 
650 2 |a Research. 
650 2 |a Technology, Pharmaceutical. 
655 2 |a Periodicals. 
776 1 |t Clinical research and regulatory affairs (Online)  |x 1532-2521  |w (OCoLC)ocm51273423 
780 0 0 |t Clinical research practices and drug regulatory affairs  |x 0735-7915  |w (DLC) 83644773  |w (OCoLC)8996638 
948 |a Subscription cancelled. low use, not indexed in IM, not peer reviewed. NF9/93 
948 |a Subscription expires 12/93; cancelled 9/93nf. 10/06/93ch 
999 |a MARS 
999 f f |s 0f072571-f153-364c-9181-8649ea8f643c  |i a2a5feaf-115e-328c-bb83-19f04dcc0e2e  |t 0 
952 f f |p ric  |a Texas A&M University  |b Rellis Campus  |c Joint Library Facility  |d Remote Storage  |t 0  |h No information provided  |i unmediated -- volume  |k v.9/10  |l 1992/1993  |m 3238901521281 
998 f f |s v.9(1992)-v.10(1993)  |t 0  |l Remote Storage